Kultúra a misijná činnosť Cirkvi

Bibliographic Details
Main Author: Bučko, Ladislav, 1959- (Author)
Format: Article
Language:Slovak
ISSN:1336-3395
Subjects:

MARC

LEADER 00000nab a2200000 ar4500
001 vtls009304260
003 SK-MaSNL
005 20260304153740.0
008 250506c2007 xo qr|p|||||||000 b|slo
015 |a SNBRB2008/06  |2 snkbucl 
035 |a (sysno)vtls009304260 
035 |a urn:nbn:sk:snk-ab77uq 
035 |a (uuid)552419ec-c4a3-420d-9bba-a0e2ea244775 
035 |a (urnnbn)urn:nbn:sk:snk:ar-a074tp 
038 |a SNKBUCL 
040 |a SNKBUCL  |b slo  |c SNKBUCL  |e AACR2 
041 0 |a slo 
044 |a xo  |c SK 
080 |a 2-762  |2 2001 
100 1 |a Bučko, Ladislav,  |d 1959-  |4 aut  |9 12541 
245 1 0 |a Kultúra a misijná činnosť Cirkvi  |c Ladislav Bučko 
504 |a Bibliogr. odkazy 
650 0 7 |a Cirkev  |x misijná práca  |2 snkbucl  |9 1477587 
650 0 7 |a misijná činnosť  |2 SNKPH  |9 68660 
650 0 7 |a kresťanské misie  |2 SNKPH  |9 4096 
650 0 7 |a kultúra  |2 SNKPH  |9 886 
773 0 |t Teologický časopis  |g Roč. V, č. 2 (2007), s. 25-33  |x 1336-3395 
850 |a Slovenská národná knižnica 
852 |a Slovenská národná knižnica 
954 |a odborná, vedecká literatúra pôvodná (slovenská)  |2 lita 
958 |a article27 
958 |a SK 
958 |a NT 
958 |a NB 
958 |a OND 
958 |a EUIPO 
999 |c 2954821  |d 2956751